000 00974nam a2200253 i 4500
003 IT-RoINE
005 20191022090146.0
008 981123m19421946sp | r ||| ||spa d
040 _aSpMaBN
_cSpMaBN IT-RoINE
_dIT-RoINE
100 1 _aSaavedra Fajardo, Diego de,
_d1584-1648
_97097
245 1 0 _aIdea de un principe político-cristiano representada en cien empresas /
_cDiego Saavedra Fajardo ; edición y notas de Vicente García de Diego.
260 _aMadrid :
_bEspasa-Calpe,
_c1942-1946.
300 _a4 v. ;
_c18 cm.
336 _2rdacontent
_atext
337 _2rdamedia
_aunmediated
338 _2rdacarrier
_avolume
490 1 _aClásicos castellanos ;
_v76, 81, 87 y 102
650 7 _aÉtica política
_2embne
_922606
650 7 _922607
_aEducación de príncipes
_2embne
700 1 _aGarcía de Diego, Vicente,
_d1878-1978
_922078
740 0 1 _aEmpresas políticas
830 0 _aClásicos castellanos (Espasa-Calpe) ;
_v76, 81, 87 y 102
_922520
942 _cMTS
999 _c10966
_d10966